A basic understanding of the communist party (Record no. 23262)

MARC details
000 -LEADER
fixed length control field 00742nam a22001937a 4500
008 - FIXED-LENGTH DATA ELEMENTS--GENERAL INFORMATION
fixed length control field 090209t xxu||||| |||| 00| 0 eng d
010 ## - LCCN (DPL NO)
LC control number ENG-92908
020 ## - INTERNATIONAL STANDARD BOOK NUMBER
Terms of availability 80.00
International Standard Book Number 9788190621267
035 ## - SYSTEM CONTROL NUMBER
System control number EN-76441
037 ## - SOURCE OF ACQUISITION
Source of stock number/acquisition DBAD / PUB
040 ## - CATALOGING SOURCE
Original cataloging agency dpl
Language of cataloging English
082 ## - DEWEY DECIMAL CLASSIFICATION NUMBER
Classification number 324.2175
245 ## - TITLE STATEMENT
Title A basic understanding of the communist party
260 ## - PUBLICATION, DISTRIBUTION, ETC. (IMPRINT)
Place of publication, distribution, etc Lucknow
Name of publisher, distributor, etc Rahul Foundation
Date of publication, distribution, etc 2008
270 ## - ADDRESS
Address 69, Baba Ka Purwa, Paper Mill Road, Nishatgunj,
City Lucknow
Postal code 226006
300 ## - PHYSICAL DESCRIPTION
Extent 255p.
Dimensions 21cm (pbk)
942 ## - ADDED ENTRY ELEMENTS (KOHA)
Source of classification or shelving scheme Dewey Decimal Classification
Item type English Books
Call number suffix BAS
Classification part 324.2175
Holdings
Withdrawn status Lost status Source of classification or shelving scheme Damaged status Not for loan Collection code Home library Current library Date acquired Source of acquisition Cost, normal purchase price Total Checkouts Full call number Barcode Date last seen Copy number Cost, replacement price Koha item type
    Dewey Decimal Classification   Not For Loan Non-fiction D.B.Act.Division D.B.Act.Division 09/02/2009 DBAD / PUB 80.00   324.2175 BAS EN-76441 09/02/2009 1 80.00 English Books

© Delhi Public Library
Hit Counter
free hit counter